BUSINESS ANALYTICS (Record no. 29458)

MARC details
000 -LEADER
fixed length control field 00325nam a22001457a 4500
003 - CONTROL NUMBER IDENTIFIER
control field SGT
020 ## - INTERNATIONAL STANDARD BOOK NUMBER
International Standard Book Number 978-93-6053-353-3
082 ## - DEWEY DECIMAL CLASSIFICATION NUMBER
Classification number 658.4032
Item number COM
100 ## - MAIN ENTRY--PERSONAL NAME
Personal name COMM, JEFFREY D.
245 ## - TITLE STATEMENT
Title BUSINESS ANALYTICS
260 ## - PUBLICATION, DISTRIBUTION, ETC. (IMPRINT)
Place of publication, distribution, etc INDIA
Name of publisher, distributor, etc CENGAGE PUB.
Year of Publication 2024
300 ## - PAGE DESCRIPTION
No. of Pages 850
650 ## - SUBJECT ADDED ENTRY--TOPICAL TERM
Topical term or geographic name as entry element BUSINESS ANALYTICS
942 ## - ADDED ENTRY ELEMENTS (KOHA)
Source of classification or shelving scheme Dewey Decimal Classification
Koha item type Books
Holdings
Withdrawn status Lost status Source of classification or shelving scheme Damaged status Not for loan Collection code Home library Current library Shelving location Date acquired Vendor Name Cost, normal purchase price SGTU Bill Number Full call number Accession No. (Barcode) Date last seen Bill Date Koha item type Total Checkouts Date last borrowed
    Dewey Decimal Classification   Not For Loan COMMERCE MANAGEMENT SGT Science & Social Sciences Library SGT Science & Social Sciences Library Reference Book 28/01/2025 SAVERA BOOK DISTRIBUTORS 1250.00 SGTU 24-25/CRB/763 658.4032 COM CM7281 28/01/2025   Books    
    Dewey Decimal Classification     COMMERCE MANAGEMENT SGT Science & Social Sciences Library SGT Science & Social Sciences Library Text Book 28/01/2025 SAVERA BOOK DISTRIBUTORS 1250.00 SGTU 24-25/CRB/763 658.4032 COM CM7282 13/11/2025   Books 1 27/10/2025
    Dewey Decimal Classification     COMMERCE MANAGEMENT SGT Science & Social Sciences Library SGT Science & Social Sciences Library Text Book 28/01/2025 SAVERA BOOK DISTRIBUTORS 1250.00 SGTU 24-25/CRB/763 658.4032 COM CM7283 28/01/2025   Books